| 000 | 00515nam a2200181 4500 | ||
|---|---|---|---|
| 001 | 144711 | ||
| 003 | ES-MaACL | ||
| 005 | 20260213163034.0 | ||
| 007 | t| | ||
| 008 | 070214s1970 sp r ||||1| spa d | ||
| 100 | 1 |
_aSilván, Leandro. _9106415 |
|
| 245 | 1 | 0 |
_aOyarzun / _cLeandro Silván. |
| 260 |
_aSan Sebastián : _bCaja de Ahorros Municipal, _c1970. |
||
| 300 |
_a66 p. : _bil. ; _c20 cm. |
||
| 710 | 0 |
_aCaja de Ahorros Municipal _92296 |
|
| 852 |
_aES-MaACL _jC-50070 _bR.74339 |
||
| 999 |
_c144711 _d144711 |
||